01223nam a2200301Ia 4500001000700000003000600007005001700013007001400030008004100044026000900085039004400094040000800138090001900146100003800165245013200203246015100335300003700486502005100523504005600574533006700630546002300697596000600720650002200726650003100748942001300779952011400792999001500906u20749SIRSI20180219123632.0he bmbb |acu|030816s1997 ua a bb 001 0 eng d c1997 9a200309201336bsafaay200308161351zdoaa aEAL aThesisbS-26841 aTag El-Dien, Mohamed Abdel-Halim.10aStudies on cattle phenotypic and genetic performance traits in friesian cattleh[microform] /cMohamed Abdel-Halim Tag El-Dien.15aدراسات علي الماشية : المعايير الوراثية والمظهرية لبعض الصفات في ماشية الفريزيان a154, 5 leaves :bill. ;c30 cm. aThesis (Ph.D. )-- Alexandria University, 1997. aIncludes bibliographical reference (leaves 128-154) aMicrofiche.bCairo, Egypt :cASUNET,e3 microfiche : negative. aSummary in Arabic. a1 0aCattlexGenetics. 0aFriesian cattlexGenetics. cMIC2lcc 00102lcc4070aENALbENALd2018-02-19l0oTHESIS S-2684p3095-1001r2018-02-19 00:00:00t1w2018-02-19yMIC c1242d1242